Missing Word: 'B' Authors Quiz Stats

Quiz Updated May 9, 2015

Challenge
Share
Tweet
Embed
Score 0/26 Timer 04:00
0 Plays Today
Author Answer % Correct
Charlotte _____Brontë
95%
George _____ ShawBernard
94.7%
_____ StokerBram
93.6%
_____ PotterBeatrix
89.3%
Ray _____Bradbury
87.3%
L. Frank _____Baum
78.7%
J.M. _____Barrie
75.8%
_____ PasternakBoris
74.8%
Judy _____Blume
74.2%
Edgar Rice _____Burroughs
73.2%
Samuel _____Beckett
63.4%
_____ ClearyBeverly
58.1%
William _____ YeatsButler
55.1%
Author Answer % Correct
Saul _____Bellow
54.8%
_____ BrysonBill
49.9%
_____ JonsonBen
48.8%
_____ Easton EllisBret
45.6%
_____ KingsolverBarbara
45%
Simone de _____Beauvoir
41.8%
_____ JacquesBrian
36.1%
_____ TarkingtonBooth
30.2%
James _____Baldwin
28%
_____ BrechtBertolt
27.9%
J.G. _____Ballard
18.1%
Heinrich _____Böll
12.8%
Mikhail _____Bulgakov
11.7%

Today's Daily Dose

You're not logged in!

Compare scores with friends on all Sporcle quizzes.
Sign Up with Email
OR
Log In

You Might Also Like...

Show Comments

Extras

Top Quizzes Today


Score Distribution

Your Account Isn't Verified!

In order to create a playlist on Sporcle, you need to verify the email address you used during registration. Go to your Sporcle Settings to finish the process.